Online
Catalog

Historia moderna dominicana : (Record no. 38465)

MARC details
000 -CABECERA
campo de control de longitud fija 01057nam a2200277 a 4500
001 - NÚMERO DE CONTROL
campo de control 000038975
003 - IDENTIFICADOR DEL NÚMERO DE CONTROL
campo de control DO-SdBNP
005 - FECHA Y HORA DE LA ÚLTIMA TRANSACCIÓN
campo de control 20250820073457.0
008 - DATOS DE LONGITUD FIJA--INFORMACIÓN GENERAL
campo de control de longitud fija 130509s2011 dr ac 000 0 spa d
020 ## - NÚMERO INTERNACIONAL ESTÁNDAR DEL LIBRO
Número Internacional Estándar del Libro 9789945452150
040 ## - FUENTE DE LA CATALOGACIÓN
Centro catalogador/agencia de origen DO-SdBNP
Lengua de catalogación spa
Centro/agencia transcriptor BNPHU
082 ## - NÚMERO DE LA CLASIFICACIÓN DECIMAL DEWEY
Número de clasificación 972.93
Número de documento/Ítem C957h, 2011
100 1# - ENTRADA PRINCIPAL--NOMBRE DE PERSONA
Nombre de persona Cruz Sánchez, Feliberto
9 (RLIN) 65224
245 10 - MENCIÓN DE TÍTULO
Título Historia moderna dominicana :
Resto del título desde los inicio del siglo XIX hasta el presente /
Mención de responsabilidad, etc. Feliberto Cruz Sánchez.
250 ## - MENCIÓN DE EDICIÓN
Mención de edición 4a. ed.
260 ## - PUBLICACIÓN, DISTRIBUCIÓN, ETC.
Lugar de publicación, distribución, etc. Santo Domingo :
Nombre del editor, distribuidor, etc. El Nuevo Diario,
Fecha de publicación, distribución, etc. 2011.
300 ## - DESCRIPCIÓN FÍSICA
Extensión 239 p. :
Otras características físicas il., retrs. ;
Dimensiones 27 cm.
500 ## - NOTA GENERAL
Nota general Texto a dos columnas
651 #4 - PUNTO DE ACCESO ADICIONAL DE MATERIA--NOMBRE GEOGRÁFICO
Nombre geográfico República Dominicana
Subdivisión general Historia
-- Estudio y enseñanza
9 (RLIN) 9647
651 #4 - PUNTO DE ACCESO ADICIONAL DE MATERIA--NOMBRE GEOGRÁFICO
Nombre geográfico República Dominicana
Subdivisión general Historia
Subdivisión cronológica 1809-1822
9 (RLIN) 577
651 #4 - PUNTO DE ACCESO ADICIONAL DE MATERIA--NOMBRE GEOGRÁFICO
Nombre geográfico República Dominicana
Subdivisión general Historia
Subdivisión cronológica Ocupación haitiana, 1822-1844
9 (RLIN) 7666
651 #0 - PUNTO DE ACCESO ADICIONAL DE MATERIA--NOMBRE GEOGRÁFICO
Nombre geográfico República Dominicana --
Subdivisión general Historia --
Subdivisión cronológica 1844-1930
9 (RLIN) 1009
651 #0 - PUNTO DE ACCESO ADICIONAL DE MATERIA--NOMBRE GEOGRÁFICO
Nombre geográfico República Dominicana
Subdivisión general Política y gobierno
9 (RLIN) 45
910 ## - DATOS DE OPCIÓN DEL USUARIO (OCLC)
Datos de opción del usuario Validado. Control de calidad MFF
942 ## - ELEMENTOS DE PUNTO DE ACCESO ADICIONAL (KOHA)
Fuente del sistema de clasificación o colocación Dewey Decimal Classification
Tipo de ítem Koha Libro
Holdings
Estado de retiro Estado de pérdida Fuente del sistema de clasificación o colocación Restricciones de uso No para préstamo Código de colección Localización permanente Ubicación/localización actual Ubicación en estantería Fecha de adquisición Número de inventario Total de préstamos Signatura topográfica completa Código de barras Fecha visto por última vez Número de copia Precio válido a partir de Tipo de ítem Koha
    Dewey Decimal Classification     Dominicana de Servicio Biblioteca Nacional Pedro Henríquez Ureña Biblioteca Nacional Pedro Henríquez Ureña Depósito 09.05.2013 LF1   972.93 C957h, 2011 38975-30 25.06.2020 e. 3 25.06.2020 Libro y Folleto Colección Dominicana de Servicio
    Dewey Decimal Classification     Dominicana de Servicio Biblioteca Nacional Pedro Henríquez Ureña Biblioteca Nacional Pedro Henríquez Ureña Depósito 09.05.2013 LF1   972.93 C957h, 2011 38975-40 25.06.2020 e. 4 25.06.2020 Libro y Folleto Colección Dominicana de Servicio
  Extraviado Dewey Decimal Classification     Dominicana de Servicio Biblioteca Nacional Pedro Henríquez Ureña Biblioteca Nacional Pedro Henríquez Ureña Extraviado 09.05.2013 LF1   972.93 C957h, 2011 38975-50 25.06.2020 e. 5 25.06.2020 Libro y Folleto Colección Dominicana de Servicio
        Excluido de préstamo Patrimonio Dominicano Patrimonio Dominicano Patrimonio Dominicano Depósito 09.05.2013 LF1   972.93 C957h, 2011 38975-10 25.06.2020 e. 2 25.06.2020 Libro y Folleto Colección Patrimonio Dominicano
        Excluido de préstamo Patrimonio Dominicano Patrimonio Dominicano Patrimonio Dominicano Depósito 09.05.2013 LF1   972.93 C957h, 2011 38975-20 25.06.2020   25.06.2020 Libro y Folleto Colección Patrimonio Dominicano

Powered by Koha